Most Populated States in Mexico - Statistics

General Stats
  • This quiz has been taken 26 times
  • The average score is 15 of 20
Answer Stats
Population State % Correct
17M México
100%
3.8M Baja California
91%
6.6M Puebla
87%
2.9M Sonora
87%
8.1M Veracruz
87%
5.5M Chiapas
83%
3.7M Chihuahua
83%
8.3M Jalisco
83%
4.1M Oaxaca
83%
5.8M Nuevo León
74%
3M Sinaloa
74%
3.53M Tamaulipas
74%
2.8M San Luis Potosí
70%
3.08M Hidalgo
65%
4.7M Michoacán
57%
2.4M Tabasco
57%
9.2M Ciudad de México
52%
3.15M Coahuila de Zaragoza
52%
3.54M Guerrero
52%
6.2M Guanajuato
48%
No matching quizzes found
Score Distribution
Percent of People with Each Score
Percentile by Number Answered
Your Score History
You have not taken this quiz